| 000 | 01510nam0a2200361 4500 | ||
|---|---|---|---|
| 001 | RU\NLR\bibl\1512972 | ||
| 005 | 20250616023913.0 | ||
| 010 | _a978-5-903505-20-3 | ||
| 021 |
_aRU _b2010-26405 _91776 |
||
| 035 | _a(nilc)RSL-KNO-004628616 | ||
| 035 | _a(NLR Aleph) 001504361 | ||
| 090 |
_a40289 _c40288 |
||
| 100 | _a20100412d2010 |||y0rusy50 ca | ||
| 101 | 0 | _arus | |
| 102 | _aRU | ||
| 105 | _ay zzzz||||| | ||
| 200 | 1 |
_aНацерет - Йерушалаим, 3753-3793 _fГеоргий Колосов |
|
| 210 |
_aМосква _cВолшебный фонарь _d2010 |
||
| 215 |
_a88, [1] с. _d20 |
||
| 605 |
_aБиблия _iНовый Завет _xИсследование текста _91153960 _3RU\NLR\auth\66142780 |
||
| 610 | 0 | _aФилологические науки. Художественная литература -- Российская Федерация -- Русская литература -- с сер. 50-х гг. 20 в. -- Произведения художественной литературы -- Художественная проза -- Романы. Повести. Рассказы | |
| 686 |
_aШ5(2=Р)75-644 _2rubbk |
||
| 686 | _aШ6(2=Р)8-440.5 | ||
| 686 | _aЭ37-220.2 | ||
| 700 | 1 |
_aКолосов _bГ. _gГеоргий _4070 |
|
| 801 | 0 |
_aRU _bРГБ _c20100412 _grcr |
|
| 801 | 1 |
_aRU _bРГБ _c20100412 |
|
| 801 | 2 |
_aRU _bNLR _c20100518 _grcr |
|
| 942 | _cBOOK | ||
| 980 | _aNB | ||